The Friday Multiple Choice Quiz (General Knowledge) #23 - Statistics

General Stats
  • This quiz has been taken 18 times
  • The average score is 6 of 10
Answer Stats
Question Answer % Correct
Who wrote the novel 'About A Boy'? Nick Hornby
82%
The 'Pied Piper of Hamelin' is set in which country? Germany
76%
'Pram Wheels ' is an anagram of which animal? Sperm Whale
76%
6,076 ft is the distance of which unit of measurement? Nautical Mile
71%
David Ruffin, Eddie Kendricks and Melvin Franklin were all members of which American vocal group? Temptations
65%
What nickname was given to the Tupelov TU 144? Concordski
53%
What are the chances of a tossed coin landing tails up on four consecutive occasions? 1 in 16
47%
Who was the first leader of the British Labour Party? Keir Hardie
35%
In 1966 who had a hit single with the song "Walkin' My Cat Named Dog"? Norma Tanega
35%
The laufsmachine was the first form of which mode of transport? Bicycle
18%
No matching quizzes found
Score Distribution
Percent of People with Each Score
Percentile by Number Answered
Your Score History
You have not taken this quiz